000 00518nam a2200193Ia 4500
005 20250423094948.0
008 250422s9999 xx 000 0 und d
020 _a9780198749387
050 _aQM 23.2 .K67/
100 _aKoshi, Rachel.
245 0 _aCunningham's manual of practical anatomy Voll.3: head, neck and brain
250 _a16th ed.
260 _aUnited Kingdom
260 _bOxford university press
260 _c2017
300 _a422 p
650 _aHuman anatomy. Dissection.
942 _cBK
999 _c28821
_d28821